Nákup bez hotovosti

Rozširovanie slovenského trhu s platobnými kartami. Zavádzanie EFT POS platobných terminálov (na bezhotovostný nákup platobnými kartami) v slovenských predajniach. Zriaďovacie a prevádzkové náklady EFT POS terminálov. Špecifiká petrokariet na úhradu tovaru na čerpacích staniciach. Skúsenosti a názor...

Full description

Saved in:
Bibliographic Details
Main Author: Tytykalová, Halka
Format: Book Chapter
Language:Slovak
Subjects:
Tags: Add Tag
No Tags, Be the first to tag this record!

MARC

LEADER 00000naa a2200000 4500
001 r034358
005 20230929112750.2
041 0 |a slo 
044 |a SK 
245 1 0 |a Nákup bez hotovosti  |c Halka Tytykalová 
520 |a Rozširovanie slovenského trhu s platobnými kartami. Zavádzanie EFT POS platobných terminálov (na bezhotovostný nákup platobnými kartami) v slovenských predajniach. Zriaďovacie a prevádzkové náklady EFT POS terminálov. Špecifiká petrokariet na úhradu tovaru na čerpacích staniciach. Skúsenosti a názory niektorých slovenských obchodných prevádzok s EFT POS terminálmi. Počty platobných kariet vydaných slovenskými bankami v druhom polroku 1998. 
610 2 0 |a styk platobný bezhotovostný 
610 2 0 |a karty platobné 
610 2 0 |a nákup 
610 2 0 |a banky 
610 2 0 |a terminály 
610 2 0 |a predajne 
610 2 0 |a stanice čerpacie 
610 2 0 |a Združenie pre bankové karty 
610 2 0 |a EFT POS 
610 2 0 |a Slovensko 
100 1 |a Tytykalová, Halka